Wszystkie samochody McLarena - Statystyki

Ogólne statystyki
  • Ten quiz został rozwiązany 44 razy
  • Średni wynik to 7 z 15
Statystyki odpowiedzi
Produkcja Odpowiedź % Poprawnych
2013-2015 P1
91%
1993-1998 F1
88%
2017-2023 720S
82%
2018-2020 Senna
82%
2015-2021 570S
56%
2014-2017 650S
56%
2021-? Artura
50%
2011-2014 MP4-12C/12C
50%
2020 Speedtail
47%
2023-? 750S
38%
2019-? GT/GTS
38%
2020 Elva
26%
2020-2021 Sabre
15%
2023 Solus GT
12%
2012 X-1
9%
Nie znaleziono quizów pasujących do podanych kryteriów
Rozkład punktacji
Procent ludzi z każdym wynikiem
Percentyl według liczby udzielonych odpowiedzi
Twoja historia wyników
Nie rozwiązałeś tego quizu